Daňová povinnosť ako faktor finančného rizika podnikateľských subjektov

Daňové riziko ako súčasť kreditných rizík podnikateľských subjektov. Vzťah daňovej povinnosti a kreditného rizika v podmienkach slovenských spoločností. Vývoj vzťahu daňového a kreditného rizika v necitlivom odvetví služieb v SR. Vývoj vzťahu daňového a kreditného rizika v citlivom odvetví ťažobného...

Descrizione completa

Salvato in:
Dettagli Bibliografici
Autore principale: Schultzová, Anna
Altri autori: Šepeľová, Jaroslava, 1993-
Natura: Capitolo di libro
Lingua:slovacco
Soggetti:
Tags: Aggiungi Tag
Nessun Tag, puoi essere il primo ad aggiungerne!!

MARC

LEADER 00000naa a2200000 4500
001 0258363
005 20240502074106.1
041 0 |a slo 
044 |a SK 
245 1 0 |a Daňová povinnosť ako faktor finančného rizika podnikateľských subjektov  |c Anna Schultzová, Jaroslava Šepeľová 
520 |a Daňové riziko ako súčasť kreditných rizík podnikateľských subjektov. Vzťah daňovej povinnosti a kreditného rizika v podmienkach slovenských spoločností. Vývoj vzťahu daňového a kreditného rizika v necitlivom odvetví služieb v SR. Vývoj vzťahu daňového a kreditného rizika v citlivom odvetví ťažobného priemyslu SR. Vývoj vzťahu daňového a kreditného rizika vo veľmi citlivom odvetví elektrotechnického priemyslu v SR. 
610 2 0 |a únik daňový 
610 2 0 |a riziko úverové 
610 2 0 |a predpisy daňové 
100 1 |a Schultzová, Anna 
700 1 |a Šepeľová, Jaroslava, 1993-